<?xml version="1.0" encoding="UTF-8"?>
<collection xmlns="http://www.loc.gov/MARC21/slim">
    <record>
        <controlfield tag="001">75773</controlfield>
        <controlfield tag="005">20200117221649.0</controlfield>
        <datafield tag="024" ind1="7" ind2=" ">
            <subfield code="2">doi</subfield>
            <subfield code="a">10.1016/j.jvir.2017.09.011</subfield>
        </datafield>
        <datafield tag="024" ind1="8" ind2=" ">
            <subfield code="2">sideral</subfield>
            <subfield code="a">102151</subfield>
        </datafield>
        <datafield tag="037" ind1=" " ind2=" ">
            <subfield code="a">ART-2018-102151</subfield>
        </datafield>
        <datafield tag="041" ind1=" " ind2=" ">
            <subfield code="a">eng</subfield>
        </datafield>
        <datafield tag="100" ind1=" " ind2=" ">
            <subfield code="0">(orcid)0000-0002-0113-5121</subfield>
            <subfield code="a">Guirola, Jose A.</subfield>
        </datafield>
        <datafield tag="245" ind1=" " ind2=" ">
            <subfield code="a">A Randomized Trial of Endovascular Embolization Treatment in Pelvic Congestion Syndrome: Fibered Platinum Coils versus Vascular Plugs with 1-Year Clinical Outcomes</subfield>
        </datafield>
        <datafield tag="260" ind1=" " ind2=" ">
            <subfield code="c">2018</subfield>
        </datafield>
        <datafield tag="506" ind1="0" ind2=" ">
            <subfield code="a">Access copy available to the general public</subfield>
            <subfield code="f">Unrestricted</subfield>
        </datafield>
        <datafield tag="520" ind1="3" ind2=" ">
            <subfield code="a">Purpose: To compare safety and efficacy of vascular plugs (VPs) and fibered platinum coils (FPCs) for embolization in pelvic congestion syndrome (PCS). Materials and Methods A randomized, prospective, single-center study enrolled 100 women with PCS from January 2014 to January 2015. Patients were randomly assigned to 2 groups, and embolization was performed with FPCs (n = 50) or VPs (n = 50). Mean age of patients was 42.7 years ± 7.60, and mean visual analog scale (VAS) score for pelvic pain before treatment was 7.4 ± 7.60. Primary outcome (clinical success at 1 y using a VAS), number of devices, procedure and fluoroscopy times, radiation doses, costs, and complications were compared, and participants were followed at 1, 3, 6, and 12 months.
Results: Clinical success and subjective improvement were not significantly different at 1-year follow-up (89.7% for FPCs vs 90.6% for VPs; P = .760). Mean number of devices per case was 18.2 ± 1.33 for FPCs and 4.1 ± 0.31 for VPs (P &lt; .001). Three FPCs and 1 VP migrated to pulmonary vasculature approximately 3–6 months after the embolization procedure; all were retrieved without complications. The FPC group had a significantly longer fluoroscopy time (33.4 min ± 4.68 vs 19.5 min ± 6.14) and larger radiation dose (air kerma 948.0 mGy ± 248.45 vs 320.7 mGy ± 134.33) (all P &lt; .001).
Conclusions: Embolization for PCS resulted in pain relief in 90% of patients; clinical success was not affected by embolic device. VPs were associated with decreased fluoroscopy time and radiation dose.</subfield>
        </datafield>
        <datafield tag="540" ind1=" " ind2=" ">
            <subfield code="9">info:eu-repo/semantics/openAccess</subfield>
            <subfield code="a">by-nc-nd</subfield>
            <subfield code="u">http://creativecommons.org/licenses/by-nc-nd/3.0/es/</subfield>
        </datafield>
        <datafield tag="590" ind1=" " ind2=" ">
            <subfield code="a">2.828</subfield>
            <subfield code="b">2018</subfield>
        </datafield>
        <datafield tag="591" ind1=" " ind2=" ">
            <subfield code="a">RADIOLOGY, NUCLEAR MEDICINE &amp; MEDICAL IMAGING</subfield>
            <subfield code="b">44 / 129 = 0.341</subfield>
            <subfield code="c">2018</subfield>
            <subfield code="d">Q2</subfield>
            <subfield code="e">T2</subfield>
        </datafield>
        <datafield tag="591" ind1=" " ind2=" ">
            <subfield code="a">PERIPHERAL VASCULAR DISEASE</subfield>
            <subfield code="b">27 / 65 = 0.415</subfield>
            <subfield code="c">2018</subfield>
            <subfield code="d">Q2</subfield>
            <subfield code="e">T2</subfield>
        </datafield>
        <datafield tag="592" ind1=" " ind2=" ">
            <subfield code="a">0.912</subfield>
            <subfield code="b">2018</subfield>
        </datafield>
        <datafield tag="593" ind1=" " ind2=" ">
            <subfield code="a">Cardiology and Cardiovascular Medicine</subfield>
            <subfield code="c">2018</subfield>
            <subfield code="d">Q1</subfield>
        </datafield>
        <datafield tag="593" ind1=" " ind2=" ">
            <subfield code="a">Radiology, Nuclear Medicine and Imaging</subfield>
            <subfield code="c">2018</subfield>
            <subfield code="d">Q1</subfield>
        </datafield>
        <datafield tag="593" ind1=" " ind2=" ">
            <subfield code="a">Medicine (miscellaneous)</subfield>
            <subfield code="c">2018</subfield>
            <subfield code="d">Q1</subfield>
        </datafield>
        <datafield tag="655" ind1=" " ind2="4">
            <subfield code="a">info:eu-repo/semantics/article</subfield>
            <subfield code="v">info:eu-repo/semantics/acceptedVersion</subfield>
        </datafield>
        <datafield tag="700" ind1=" " ind2=" ">
            <subfield code="a">Sanchez-Ballestin, Maria</subfield>
        </datafield>
        <datafield tag="700" ind1=" " ind2=" ">
            <subfield code="a">Sierre, Sergio</subfield>
        </datafield>
        <datafield tag="700" ind1=" " ind2=" ">
            <subfield code="0">(orcid)0000-0003-3865-0925</subfield>
            <subfield code="a">Lahuerta, Celia</subfield>
        </datafield>
        <datafield tag="700" ind1=" " ind2=" ">
            <subfield code="a">Mayoral, Victoria</subfield>
        </datafield>
        <datafield tag="700" ind1=" " ind2=" ">
            <subfield code="0">(orcid)0000-0002-5618-7519</subfield>
            <subfield code="a">De Gregorio, Miguel A.</subfield>
            <subfield code="u">Universidad de Zaragoza</subfield>
        </datafield>
        <datafield tag="710" ind1="2" ind2=" ">
            <subfield code="1">1010</subfield>
            <subfield code="2">770</subfield>
            <subfield code="a">Universidad de Zaragoza</subfield>
            <subfield code="b">Dpto. Pediatría Radiol.Med.Fís</subfield>
            <subfield code="c">Área Radiol. y Medicina Física</subfield>
        </datafield>
        <datafield tag="773" ind1=" " ind2=" ">
            <subfield code="g">29, 1 (2018), 45-53</subfield>
            <subfield code="p">J. vasc. interv. radiol.</subfield>
            <subfield code="t">Journal of vascular and interventional radiology</subfield>
            <subfield code="x">1051-0443</subfield>
        </datafield>
        <datafield tag="856" ind1="4" ind2=" ">
            <subfield code="s">2671144</subfield>
            <subfield code="u">http://zaguan.unizar.es/record/75773/files/texto_completo.pdf</subfield>
            <subfield code="y">Postprint</subfield>
        </datafield>
        <datafield tag="856" ind1="4" ind2=" ">
            <subfield code="s">94894</subfield>
            <subfield code="u">http://zaguan.unizar.es/record/75773/files/texto_completo.jpg?subformat=icon</subfield>
            <subfield code="x">icon</subfield>
            <subfield code="y">Postprint</subfield>
        </datafield>
        <datafield tag="909" ind1="C" ind2="O">
            <subfield code="o">oai:zaguan.unizar.es:75773</subfield>
            <subfield code="p">articulos</subfield>
            <subfield code="p">driver</subfield>
        </datafield>
        <datafield tag="951" ind1=" " ind2=" ">
            <subfield code="a">2020-01-17-22:07:53</subfield>
        </datafield>
        <datafield tag="980" ind1=" " ind2=" ">
            <subfield code="a">ARTICLE</subfield>
        </datafield>
    </record>

    
</collection>